Poverty and Famines : An Essay on Entitlement and Deprivation /

Guardado en:
Bibliografiske detaljer
Hovedforfatter: Sen, Amartya K. (autor)
Format: Bog
Sprog:engelsk
Udgivet: Oxford, Inglaterra : Oxford University, 1992, c1981
Fag:
Tags: Tilføj Tag
Ingen Tags, Vær først til at tagge denne postø!

MARC

LEADER 00000nam^a2200000^a^4500
001 000391231
005 20250521000000.0
009 20260310121210.28
020 |a 0-19-828463-2 
037 |a Acervo Xavier Clavigero 
041 |a ING 
082 |a 338. 19  |b SEN 
100 |a Sen, Amartya K.  |e (autor) 
245 1 0 |a Poverty and Famines :  |b An Essay on Entitlement and Deprivation /  |c A.K. Sen. 
264 4 |a Oxford, Inglaterra :  |b Oxford University,  |c 1992, c1981 
300 |a IX, 257 p. 
336 |a texto  |b txt  |2 rdacontenido 
337 |a sin mediación  |b n  |2 rdamedio 
338 |a volumen  |b nc  |2 rdasoporte 
649 |a XX 
650 |a Hambre -  |z Bengala -  |x Historia -  |y 1940-1949 
650 |a Hambre -  |z Etiopía -  |x Historia -  |y 1970-1979 
650 |a Hambre -  |z Bangladesh -  |x Historia -  |y 1970-1979 
650 |a Hambre -  |z Africa -  |x Historia -  |y 1970-1979 
650 |a Hambre -  |x Tema Principal 
650 |a Abasto de Alimentos 
650 |a Pobreza -  |x Medición 
650 |a Pobreza -  |x Tema Principal 
650 |a Problemas Sociales 
650 |a Política Alimentaria 
650 |a Política Económica 
650 |a Política Social 
650 |a Derecho a la Alimentación -  |x Tema Principal 
650 |a Derecho Social 
650 |a Economía -  |x Historia -  |y Siglo XX 
910 |a Fondo General 
920 |a Impresos - Libros 
930 |a Colección General 
905 |a 101 
901 |a 0500286175  |b IT1  |c ACC  |i FXC D2622  |u 20250521 
902 |a https://opac.biblio.iteso.mx/vufind/Record/000391231